| 000 | 00985nem a2200301 4500 | ||
|---|---|---|---|
| 001 | 265168 | ||
| 003 | NUST-PNEC | ||
| 005 | 20170116180707.0 | ||
| 007 | ad canzn | ||
| 008 | 870219s1987 nyu e eng | ||
| 010 | _a 87675016 | ||
| 020 | _a0895772647 | ||
| 034 | 0 | _aa | |
| 040 | _cPNEC | ||
| 050 | 0 | 0 |
_aG1021 _b.R533 1987 |
| 082 | 0 | 0 |
_a912 MCN _219 |
| 100 |
_9413 _aMcnally, Rand |
||
| 110 | 2 | _aReader's Digest Association. | |
| 245 | 1 | 0 | _aReader's Digest atlas of the world. |
| 255 | _aScales differ. | ||
| 260 |
_aPleasantville, N.Y. : _bReader's Digest Association, _cc1987. |
||
| 300 |
_a1 atlas (240 p.) : _bcol. ill., col. maps ; _c39 cm. |
||
| 500 | _aIncludes index. http://www.amazon.com/Readers-Digest-atlas-world-Association/dp/0895772647/ref=sr_1_1?s=books&ie=UTF8&qid=1411971530&sr=1-1&keywords=0895772647 | ||
| 650 | 0 |
_aAtlases. _xGeneral |
|
| 740 | 0 | _aAtlas of the world. | |
| 906 |
_a7 _bcbc _corignew _d1 _encip _f19 _gy-geogmaps |
||
| 942 |
_2ddc _cMP |
||
| 999 |
_c60798 _d60798 |
||